Data visualization : (Record no. 240872)

MARC details
000 -LEADER
fixed length control field 01371nam a22002297a 4500
005 - DATE AND TIME OF LATEST TRANSACTION
control field 20260211164947.0
008 - FIXED-LENGTH DATA ELEMENTS--GENERAL INFORMATION
fixed length control field 260210b |||||||| |||| 00| 0 eng d
020 ## - INTERNATIONAL STANDARD BOOK NUMBER
International Standard Book Number 9789370609600
040 ## - CATALOGING SOURCE
Transcribing agency AIMIT LIBRARY
082 ## - DEWEY DECIMAL CLASSIFICATION NUMBER
Edition number 1
Classification number 005.768
Item number KUSD
100 ## - MAIN ENTRY--PERSONAL NAME
Personal name Kusleika, Dick.
9 (RLIN) 254311
245 ## - TITLE STATEMENT
Title Data visualization :
Remainder of title with excel dashboards and reports /
Statement of responsibility, etc. By Dick Kusleika.
250 ## - EDITION STATEMENT
Edition statement 1st ed.
260 ## - PUBLICATION, DISTRIBUTION, ETC.
Place of publication, distribution, etc. New Delhi :
Name of publisher, distributor, etc. Wiley India Pvt Ltd ,
Date of publication, distribution, etc. 2025.
300 ## - PHYSICAL DESCRIPTION
Extent xxv,350 p.;
Other physical details PB
Dimensions 23.5 cm.
500 ## - GENERAL NOTE
General note In today's data-driven landscape, the ability to transform raw data into compelling and persuasive reports and visualizations is not just a skill but a necessity. "Data Visualization with Excel Dashboards and Reports" by Dick Kusleika, now adapted for the India, guides readers through the most impactful ways to show trends, demonstrate relationships, and make informed decisions when presenting data to stakeholders.
505 ## - FORMATTED CONTENTS NOTE
Statement of responsibility About the Author<br/>Dick Kusleika has been working with Microsoft Office for more than 20 years. He was formerly a Microsoft MVP, having been awarded 12 consecutive years. Dick has written several books about Excel and Access.
650 ## - SUBJECT ADDED ENTRY--TOPICAL TERM
Topical term or geographic name entry element Organizing data for dashboards
9 (RLIN) 254312
650 ## - SUBJECT ADDED ENTRY--TOPICAL TERM
Topical term or geographic name entry element Non chart visualizations
9 (RLIN) 254313
650 ## - SUBJECT ADDED ENTRY--TOPICAL TERM
Topical term or geographic name entry element Using shapes to create infographics
9 (RLIN) 254314
942 ## - ADDED ENTRY ELEMENTS (KOHA)
Source of classification or shelving scheme Dewey Decimal Classification
Koha item type Book
Edition 1
Call number prefix 005.768 KUSD
Holdings
Withdrawn status Lost status Source of classification or shelving scheme Damaged status Not for loan Collection code Home library Current library Shelving location Date acquired Source of acquisition Cost, normal purchase price Inventory number Total Checkouts Full call number Barcode Date last seen Cost, replacement price Price effective from Koha item type
    Dewey Decimal Classification     MCA St Aloysius Institute of Management & Information Technology St Aloysius Institute of Management & Information Technology Big Data Analytics 02/03/2026 KL Book House 749.00 Bill no:1288; Bill dt:2026/1/23   005.768 KUSD MCA17359 05/23/2026 561.75 02/10/2026 Book